Aspectos socio-económicos y organizativos de la reserva indígena Bribrí de Talamanca /
Gardado en:
| Autor Principal: | |
|---|---|
| Outros autores: | |
| Formato: | Texto |
| Publicado: |
Heredia:
Universidad Nacional
|
| Etiquetas: |
Engadir etiqueta
Sen Etiquetas, Sexa o primeiro en etiquetar este rexistro!
|
MARC
| LEADER | 00000 a a2200000 04500 | ||
|---|---|---|---|
| 001 | 21217 | ||
| 003 | |||
| 040 | |||
| 090 | |a 092500 | ||
| 100 | |a Aguilar, Leda | ||
| 245 | |a Aspectos socio-económicos y organizativos de la reserva indígena Bribrí de Talamanca / |c Leda Aguilar | ||
| 260 | |a Heredia: |b Universidad Nacional | ||
| 300 | |a 20 p. | ||
| 700 | |a Lemaitre, Xinia |a Molina, Ana Isabel |a Sánchez, Shirley | ||
| 999 | |c 12181 |d 12181 | ||
